Statystyki dla Kapitanowie Reprezentacji Polski w Piłce Nożnej

Kliknij tutaj aby rozwiązać quiz!

Ogólne statystyki

  • Ten quiz został rozwiązany 791 razy
  • Średni wynik to 9 z 29

Statystyki odpowiedzi

LataKapitan podczas zawodówZawodnik% Poprawnych
2013 – 2020ME 2016 / MŚ 2018Robert Lewandowski
99%
2010 – 2013ME 2012Jakub Błaszczykowski
96%
1985 – 1988MŚ 1986Zbigniew Boniek
86%
1973 – 1978MŚ 1974 / IO 1976 / MŚ 1978Kazimierz Deyna
80%
1976 – 1980-Grzegorz Lato
76%
2006 – 2011ME 2008Michał Żewłakow
64%
2002 – 2008MŚ 2006 / ME 2008Jacek Bąk
55%
2006 – 2008ME 2008Maciej Żurawski
48%
1970 – 1980IO 1972Włodzimierz Lubański
47%
1993 – 2002MŚ 2002Tomasz Wałdoch
35%
1980 – 1985MŚ 1982Władysław Żmuda
32%
1992 – 1999IO 1992Jerzy Brzęczek
31%
1993 – 1995-Roman Kosecki
23%
1960 – 1969-Lucjan Brychczy
22%
2004 – 2005-Tomasz Kłos
22%
1950 – 1958IO 1952Gerard Cieślik
21%
1996 – 2003MŚ 2002Jacek Zieliński
17%
1975 – 1979-Antoni Szymanowski
9%
1925 – 1928-Józef Kałuża
8%
1966 – 1971-Stanisław Oślizło
7%
1994 – 1999-Tomasz Łapiński
6%
1934 – 1947MŚ 1938Władysław Szczepaniak
3%
1968 – 1971-Bernard Blaut
2%
1956 – 1961IO 1960Edmund Zientara
2%
1961 – 1965-Henryk Szczepański
2%
1931 – 1935-Jerzy Bułanow
2%
1947 – 1950-Tadeusz Parpan
2%
1987 – 1991-Waldemar Prusik
2%
1990 – 1991-Zbigniew Kaczmarek
2%

Rozkład punktacji

Percentyl według liczby udzielonych odpowiedzi

Procent ludzi z każdym wynikiem

Twoja historia wyników

Nie rozwiązałeś tego quizu